ბათუმის შოთა რუსთაველის სახელმწიფო უნივერსიტეტის ბიბლიოთეკა

ინტერაქტიური მეთოდები : (ბიბ.ჩანაწერი № 43848)

000 -ლიდერი
ფიქსირებული სიგრძის საკონტროლო ველი 01643nam a2200301Ia 4500
001 - საკონტროლო ნომერი
საკონტროლო ველი 10596
003 - საკონტროლო ნომრის იდენტიფიკატორი
საკონტროლო ველი GE_BSU
005 - ბოლო ოპერაციის თარიღი და დრო
საკონტროლო ველი 20241024160949.0
008 - ფიქსირებული სიგრძის მონაცემთა ელემენტები - ზოგადი ინფორმაცია
ფიქსირებული სიგრძის საკონტროლო ველი 181216s2014||||ge |||||||||||||| ||geo||
020 ## - წიგნის საერთაშორისო სტანდარტული ნომერი
International Standard Book Number 9789941424908
040 ## - კატალოგიზაციის წყარო
Transcribing agency GE_BSU
041 ## - ენის კოდი
Language code of text/sound track or separate title geo
080 ## - უნივერსალური ათობითი კლასიფიკაციის ინდექსი
Universal Decimal Classification number 371.3+371.315.7 ი-67
245 ## - ცნობა სათაურის შესახებ
Title ინტერაქტიური მეთოდები :
Remainder of title [ინტერაქტიური სწავლება] /
Statement of responsibility, etc წიგნზე მუშაობდნენ: მანანა ბოჭორიშვილი [და სხვ.] ; რედ. ლია ახალაძე.
264 ## - წარმოების, გამოცემის, დისტრიბუციის და სხვა ცნობები
გამოცემის, წარმოების, დისტრიბუციის... ადგილი თბილისი
გამოცემის, წარმოების, დისტრიბუციის... სახელწოდება "უსტარის" გამ-ბა და სტ.,
გამოცემის, წარმოების, დისტრიბუციის... თარიღი 2014.
300 ## - ფიზიკური აღწერა
Extent 110 გვ.;
Other physical details 24 სმ.
490 ## - სერიის ცნობა
Series statement მასწავლებლის ბიბლიოთეკა ასოციაცია "ზეკარი"
504 ## - BIBLIOGRAPHY, ETC. NOTE
Bibliography, etc ბიბლიოგრ.: გვ. 110.
653 ## - INDEX TERM--UNCONTROLLED
Uncontrolled term ინტერაქტიური სწავლების მეთოდები
653 ## - INDEX TERM--UNCONTROLLED
Uncontrolled term დიდაქტიკური თამაშები
653 ## - INDEX TERM--UNCONTROLLED
Uncontrolled term სწავლების დისკუსიური მეთოდები.
700 ## - ADDED ENTRY--PERSONAL NAME
Personal name ბოჭორიშვილი, მანანა
Relator term ავტორი
9 (RLIN) 7165
700 ## - ADDED ENTRY--PERSONAL NAME
Personal name ნამიჭეიშვილი, ნათია.
Relator term ავტორი
9 (RLIN) 23515
700 ## - ADDED ENTRY--PERSONAL NAME
Personal name ნაბულიშვილი, ნანა
Relator term ავტორი
9 (RLIN) 23516
700 ## - ADDED ENTRY--PERSONAL NAME
Personal name ახალაძე, ლია
Relator term რედაქტორი
9 (RLIN) 23517
942 ## - ADDED ENTRY ELEMENTS (KOHA)
Koha item type წიგნი
Source of classification or shelving scheme
ეგზემპლარები
ჩამოწერის სტატუსი დაკარგული ეგზემპლარის სტატუსი დაზიანების სტატუსი არ გაიცემა შეძენის თარიღი შტრიხკოდი ბოლო ოპერაციის თარიღი ფასის ძალაში შესვლის თარიღი ეგზემპლარის სახეობა
        2018-12-17 34376 2018-12-17 2018-12-17 წიგნი
        2018-12-17 34377 2018-12-17 2018-12-17 წიგნი
        2018-12-17 34378 2018-12-17 2018-12-17 წიგნი
        2018-12-17 34379 2018-12-17 2018-12-17 წიგნი
        2018-12-17 34380 2018-12-17 2018-12-17 წიგნი
        2018-12-17 34381 2018-12-17 2018-12-17 წიგნი
        2018-12-17 34382 2018-12-17 2018-12-17 წიგნი